<?xml version="1.0" encoding="UTF-8"?>
<record
    xmlns:xsi="http://www.w3.org/2001/XMLSchema-instance"
    xsi:schemaLocation="http://www.loc.gov/MARC21/slim http://www.loc.gov/standards/marcxml/schema/MARC21slim.xsd"
    xmlns="http://www.loc.gov/MARC21/slim">

  <leader>02096nam a2200241 i 4500</leader>
  <controlfield tag="003">DO-SdBNP</controlfield>
  <controlfield tag="005">20230918144350.0</controlfield>
  <controlfield tag="006">a||||gr|||| 00| 0 </controlfield>
  <controlfield tag="007">ta</controlfield>
  <controlfield tag="008">230913t180     dr ||||| |||| 00| h spa d</controlfield>
  <datafield tag="040" ind1=" " ind2=" ">
    <subfield code="a">DO-SdBNP</subfield>
    <subfield code="b">spa</subfield>
    <subfield code="c">BNPHU</subfield>
    <subfield code="e">rda</subfield>
  </datafield>
  <datafield tag="082" ind1=" " ind2="4">
    <subfield code="2">22</subfield>
    <subfield code="b">E74p</subfield>
  </datafield>
  <datafield tag="100" ind1="1" ind2=" ">
    <subfield code="a">Escobal, Luis S.</subfield>
    <subfield code="9">38438</subfield>
    <subfield code="e">autor</subfield>
  </datafield>
  <datafield tag="245" ind1="1" ind2="0">
    <subfield code="a">Pedazos:</subfield>
    <subfield code="b"> im&#xE1;genes borrosas del recuerdo. /</subfield>
    <subfield code="c">Luis S. Escobal</subfield>
  </datafield>
  <datafield tag="264" ind1=" " ind2="4">
    <subfield code="a">Santo Domingo :</subfield>
    <subfield code="b">Alfa y Omega.</subfield>
    <subfield code="c">1980</subfield>
  </datafield>
  <datafield tag="300" ind1=" " ind2=" ">
    <subfield code="a">100, [6] p&#xE1;ginas ;</subfield>
    <subfield code="c">20 cm.</subfield>
  </datafield>
  <datafield tag="336" ind1=" " ind2=" ">
    <subfield code="2">rdacontent</subfield>
    <subfield code="a">texto</subfield>
    <subfield code="b">txt</subfield>
  </datafield>
  <datafield tag="337" ind1=" " ind2=" ">
    <subfield code="2">rdamedia</subfield>
    <subfield code="a">sin mediaci&#xF3;n</subfield>
    <subfield code="b">n</subfield>
  </datafield>
  <datafield tag="338" ind1=" " ind2=" ">
    <subfield code="2">rdacarrier</subfield>
    <subfield code="a">volumen</subfield>
    <subfield code="b">nc</subfield>
  </datafield>
  <datafield tag="505" ind1="0" ind2=" ">
    <subfield code="a">Cap&#xED;tulo I</subfield>
    <subfield code="t">Los Indios. Vida Campestre.--</subfield>
    <subfield code="t">Un D&#xED;a.-- En Todos los Campos Resid&#xED;a.-- Entre las Diversiones.-- La Escuela del Campo.</subfield>
    <subfield code="g">Cap&#xED;tulo II.</subfield>
    <subfield code="t">La Escuela Primaria . La Ciudad.-- Algunos de los Muchachos.-- La Escuela Prosegu&#xED;a.-- Recuerdo una tarde Iluminosa.-- Todos Aquellos Muchachos.-- Cada uno Buscaba Orientaciones.-- No olvidemos.</subfield>
    <subfield code="g">Cap&#xED;tulo III.</subfield>
    <subfield code="t">La Normal. Escuela Secundaria.-- Llegada a esa Primera Juventud.-- La &#xC9;poca de la  Juventud para muy Alegremente.-- Se Dir&#xED;a que una densa y Apretada Multitud.-- El Arte.-- La Misma Normal y Llegaban las Doradas Vacaciones de la Escuela Rural.-- El Problema Forestal. </subfield>
    <subfield code="g">Cap&#xED;tulo IV.</subfield>
    <subfield code="t">La Universidad.-- La Universidad.-- La Universidad.-- La Escuela Rural.-- Vienen a Mi Memoria.</subfield>
    <subfield code="g">Cap&#xED;tulo V.</subfield>
    <subfield code="t">El Pueblo.-- El Pueblo.-- Religi&#xF3;n.-- El Arte.-- La Prensa.-- Deportes.</subfield>
    <subfield code="g">Cap&#xED;tulo VI.</subfield>
    <subfield code="t">Los Grandes Huertos del Gobierno.-- Los Grandes Huertos del Gobierno.-- Vamos a Intercalar una Grandiosa An&#xE9;cdota Campesina.-- La Virtud Del Trabajo y del Ahorro.-- El Poeta.-- Ha sido Mi Deseo de Toda la Vida ver un Gobernante Joven.-- El Maestro.-- El Amor.-- El Arte.--Canto de Esperanza.-- Desea la Paz.-- Otra Esperanza.-- Aquel Pueblo Peque&#xF1;o.</subfield>
    <subfield code="g">Cap&#xED;tulo VII.</subfield>
    <subfield code="t">Cap&#xED;tulo Final.-- Don Emilio Patriota.-- Don Emilio Maestro.-- Primera An&#xE9;cdota Final.-- Expedici&#xF3;n a Constanza. Segunda An&#xE9;cdota Final.-- Drogas.-- Ep&#xED;logo.-- Post-Scriptum.</subfield>
  </datafield>
  <datafield tag="590" ind1=" " ind2=" ">
    <subfield code="a">Inventariado 2023 / MF</subfield>
  </datafield>
  <datafield tag="942" ind1=" " ind2=" ">
    <subfield code="2">ddc</subfield>
    <subfield code="c">LBS1</subfield>
  </datafield>
  <datafield tag="952" ind1=" " ind2=" ">
    <subfield code="0">0</subfield>
    <subfield code="1">0</subfield>
    <subfield code="2">ddc</subfield>
    <subfield code="5">1</subfield>
    <subfield code="7">0</subfield>
    <subfield code="8">PD</subfield>
    <subfield code="a">BNPHU</subfield>
    <subfield code="b">BNPHU</subfield>
    <subfield code="c">CT</subfield>
    <subfield code="d">2014-12-13</subfield>
    <subfield code="e">Donado por Barbara Suncar</subfield>
    <subfield code="l">0</subfield>
    <subfield code="o">E74p</subfield>
    <subfield code="p">2023-5861</subfield>
    <subfield code="r">2023-09-13</subfield>
    <subfield code="w">2023-09-13</subfield>
    <subfield code="y">LBS1</subfield>
    <subfield code="z">Ejemplar autografiado por el autor</subfield>
  </datafield>
  <datafield tag="999" ind1=" " ind2=" ">
    <subfield code="c">54743</subfield>
    <subfield code="d">54743</subfield>
  </datafield>
</record>
